000 00545nam a2200157 a 4500
008 120416s1975 ||||||||||||||||| || u
050 _aHD 58.7 Lut
100 _aLuthans, Fred
245 1 0 _aOrganizational behaviour modification
260 _aGlenview, Ill.:
_bScott, Foreman
_c1975
300 _a214p. : ill.
350 _a0.00
650 0 _aMANAGEMENT
650 _aORGANIZATIONAL BEHAVIOUR
995 _D0.00
_FCBU-MAIN LIBRARY (Kitwe)
_H1
_I0.00
_M1
_UDAMAGED
_ZMain Library Open Access Collection
999 _c52873
_d52873